Guess the Taylor Swift Album by Cover - Statistics

General Stats
  • This quiz has been taken 16 times
  • The average score is 11 of 12
Answer Stats
Picture Answer % Correct
1989
100%
Lover
100%
Red
100%
Taylor Swift
100%
Midnights
93%
Reputation
93%
The Life of A Showgirl
93%
The Tortured Poets Department
93%
Evermore
87%
Folklore
87%
Fearless
80%
Speak Now
80%
No matching quizzes found
Score Distribution
Percent of People with Each Score
Percentile by Number Answered
Your Score History
You have not taken this quiz